| 000 | 01191nam a2200337 4500 | ||
|---|---|---|---|
| 003 | OSt | ||
| 005 | 20260530113845.0 | ||
| 008 | 260421b1972 enka|||| |||| 00| 0 eng d | ||
| 040 |
_aICI _bspa _cICI |
||
| 050 |
_aNC998.5. _bP46 1972 |
||
| 100 | 1 |
_aFletcher, Alan, _d1931-2006 _930614 |
|
| 245 | 1 | 0 |
_aPentagram : _bthe work of five designers |
| 250 | _a1a edición | ||
| 260 |
_aLondon _bLund Humphries _c1972 |
||
| 300 |
_a1 volumen (varias páginas) _c20cm. |
||
| 336 |
_atexto _2rdacontent |
||
| 337 |
_asin medio _2rdamedia |
||
| 338 |
_avolumen _2rdacarrier |
||
| 500 | _aObra que documenta el trabajo del colectivo de diseño Pentagram. | ||
| 610 |
_aPentagram (Firma de diseño) _930615 |
||
| 650 |
_aDiseño gráfico _xHistoria _ySiglo XX. _930616 |
||
| 650 |
_aDiseño industrial _xHistoria _ySiglo XX. _930617 |
||
| 650 |
_aDiseñadores _xTrabajo colectivo. _930618 |
||
| 700 | 1 |
_aFletcher, Alan, _d1931-2006 _930614 |
|
| 700 | 1 |
_aForbes, Colin, _d1924-2004 _930619 |
|
| 700 | 1 |
_aKurlansky, Mervyn, _d1933-2013 _930620 |
|
| 700 | 1 |
_aCrosby, Theo, _d1925-1994 _930621 |
|
| 700 | 1 |
_aGrange, Kenneth, _d1929- _930622 |
|
| 710 |
_aPentagram (Firma de diseño) _930615 |
||
| 942 |
_2lcc _cBK |
||
| 999 |
_c11253 _d11253 |
||